| 000 | 00711nam a22002057a 4500 | ||
|---|---|---|---|
| 003 | OSt | ||
| 005 | 20250624013126.0 | ||
| 008 | 250624b |||||||| |||| 00| 0 eng d | ||
| 020 | _a978-621-270095 | ||
| 040 |
_aDWCL - Main lib _cOC |
||
| 082 | _aFil. 657 T583f 2018 | ||
| 100 | _aTimbang, Ferdinand L. | ||
| 245 |
_aFundamentals of accountancy, Business, and management./ _cFerdinand L. Timbang |
||
| 260 |
_aIntramuros Manila: _bUnlimited books lubrary services & publishing inc., _c c2018. |
||
| 300 |
_ax , 287 pages : _b illustrations ; _c27cm. |
||
| 504 | _aIncludes bibliographical references. | ||
| 650 | _a1. Accounting | ||
| 650 | _a2. Managerial accounting | ||
| 942 |
_2ddc _cBK - FIL _kFil. _n0 |
||
| 999 |
_c3250 _d3250 |
||